[Event "BCF-chT1a 1718 (4NCL)"]
[Site "England"]
[Date "2017.11.11"]
[Round "1.13"]
[White "Edouard, Romain"]
[Black "Stockwell, Mark B"]
[Result "1-0"]
[WhiteElo "2619"]
[BlackElo "2012"]
[PlyCount "93"]
[EventDate "2017.11.11"]
[EventType "team-swiss"]
[EventRounds "11"]
[EventCountry "ENG"]
[SourceTitle "CBM 181 Extra"]
[Source "ChessBase"]
[SourceDate "2017.12.12"]
[SourceVersion "1"]
[SourceVersionDate "2017.12.12"]
[SourceQuality "1"]
[WhiteTeam "Guildford"]
[BlackTeam "The ADS"]
[WhiteTeamCountry "ENG"]
[BlackTeamCountry "ENG"]

1. c4 Nf6 2. Nc3 e6 3. Nf3 d5 4. d4 Be7 5. Bf4 0-0 6. e3 b6 7. Qc2 Ba6 8. Ne5 c5 9. dxc5 Bxc5 10. 0-0-0 Bb4 11. cxd5 exd5 12. Kb1 Bxf1 13. Rhxf1 Re8 14. Nxd5 Nxd5 15. Qc4 a5 16. Nxf7 b5 17. Qxb5 Qd7 18. Nh6+ gxh6 19. Rxd5 Qxb5 20. Rxb5 Nc6 21. Bxh6 Re6 22. Bf4 Rd8 23. Rc1 Rg6 24. g3 Rd2 25. a3 Bf8 26. Rc2 Rxc2 27. Kxc2 Kf7 28. Rh5 h6 29. Kb3 Bg7 30. Rb5 Re6 31. Rb7+ Kg6 32. Ka4 Bf6 33. b3 Be7 34. Rc7 Ne5 35. Rc3 Ng4 36. Kxa5 Bxa3 37. b4 Bb2 38. Rc2 Be5 39. b5 Bxf4 40. gxf4 Nf6 41. b6 Nd7 42. b7 Rd6 43. Rc7 Rd5+ 44. Ka6 Rd6+ 45. Ka7 Kh5 46. Rxd7 Rxd7 47. Ka8 1-0

[Event "BCF-chT2a 1617 (4NCL)"]
[Site "England"]
[Date "2017.01.15"]
[Round "4.35"]
[White "Stephens, John KF"]
[Black "Stockwell, Mark B"]
[Result "1/2-1/2"]
[WhiteElo "2140"]
[BlackElo "2095"]
[PlyCount "56"]
[EventDate "2016.11.19"]
[EventType "team-tourn"]
[EventRounds "11"]
[EventCountry "ENG"]
[SourceTitle "EXT 2019"]
[Source "ChessBase"]
[SourceDate "2018.10.10"]
[SourceVersion "1"]
[SourceVersionDate "2018.10.10"]
[SourceQuality "1"]
[WhiteTeam "West is Best"]
[BlackTeam "The ADS"]
[WhiteTeamCountry "ENG"]
[BlackTeamCountry "ENG"]

1. e4 e5 2. Nf3 Nc6 3. Bb5 a6 4. Ba4 Nf6 5. d3 d6 6. c3 g6 7. 0-0 Bg7 8. Re1 0-0 9. Nbd2 Qe7 10. Nf1 Nd8 11. Bc2 Ne6 12. d4 Nh5 13. Ng3 Nhf4 14. Ne2 Nxe2+ 15. Rxe2 Qf6 16. d5 Nf4 17. Bxf4 Qxf4 18. Ne1 f5 19. exf5 gxf5 20. Nd3 Qh6 21. Qd2 Qxd2 22. Rxd2 Bd7 23. Re1 Rae8 24. Rdd1 Bh6 25. g3 f4 26. gxf4 Bxf4 27. Nxf4 Rxf4 28. Re3 Re7 1/2-1/2

[Event "BCF-chT2a 1617 (4NCL)"]
[Site "England"]
[Date "2017.01.14"]
[Round "3.15"]
[White "Stockwell, Mark B"]
[Black "Rice, Christopher"]
[Result "1/2-1/2"]
[WhiteElo "2095"]
[BlackElo "2027"]
[PlyCount "71"]
[EventDate "2016.11.19"]
[EventType "team-tourn"]
[EventRounds "11"]
[EventCountry "ENG"]
[SourceTitle "EXT 2019"]
[Source "ChessBase"]
[SourceDate "2018.10.10"]
[SourceVersion "1"]
[SourceVersionDate "2018.10.10"]
[SourceQuality "1"]
[WhiteTeam "The ADS"]
[BlackTeam "Barbican Youth"]
[WhiteTeamCountry "ENG"]
[BlackTeamCountry "ENG"]

1. c4 c6 2. Nf3 Nf6 3. Nc3 d6 4. g3 e5 5. Bg2 Be7 6. 0-0 0-0 7. d4 Nbd7 8. Qc2 Re8 9. h3 Bf8 10. e4 a6 11. Rd1 Qc7 12. Be3 b5 13. cxb5 cxb5 14. Rac1 Bb7 15. Qb1 Qa5 16. Nd2 Rac8 17. a3 h6 18. Rc2 Qc7 19. Rdc1 Qb8 20. Nb3 Be7 21. Na5 Ba8 22. Nd5 Nxd5 23. exd5 exd4 24. Bxd4 Bg5 25. f4 Bf6 26. Bf2 Nb6 27. Nc6 Qb7 28. Na5 Qb8 29. Rxc8 Rxc8 30. Nc6 Qb7 31. Kh2 Re8 32. Re1 Rxe1 33. Qxe1 Kf8 34. Qb4 Nc8 35. Bd4 Bxd4 36. Qxd4 1/2-1/2

[Event "BCF-chT1a 1415 (4NCL)"]
[Site "England"]
[Date "2014.11.16"]
[Round "2.138"]
[White "Stockwell, Mark B"]
[Black "Fallowfield, Jeremy"]
[Result "1/2-1/2"]
[WhiteElo "1982"]
[BlackElo "2046"]
[PlyCount "62"]
[EventDate "2014.11.15"]
[EventType "team-swiss"]
[EventRounds "11"]
[EventCountry "ENG"]
[SourceTitle "EXT 2015"]
[Source "ChessBase"]
[SourceDate "2014.11.20"]
[SourceVersion "1"]
[SourceVersionDate "2014.11.20"]
[SourceQuality "1"]
[WhiteTeam "The ADS"]
[BlackTeam "Warwicks Select"]
[WhiteTeamCountry "ENG"]
[BlackTeamCountry "ENG"]

1. c4 g6 2. Nc3 Bg7 3. d4 Nf6 4. e4 d6 5. f3 0-0 6. Be3 Nc6 7. Nge2 a6 8. Qd2 Na5 9. Nc1 Nd7 10. b4 Nc6 11. Rb1 e5 12. d5 Nd4 13. N1e2 Nxe2 14. Bxe2 f5 15. c5 Nf6 16. 0-0 fxe4 17. fxe4 Ng4 18. Bxg4 Bxg4 19. Rfc1 Rf7 20. a4 Qh4 21. a5 Raf8 22. b5 axb5 23. Nxb5 Bh6 24. Bxh6 Rf2 25. Bg5 Qh5 26. Qxf2 Rxf2 27. Kxf2 Qxg5 28. cxd6 cxd6 29. Nc3 h5 30. Rc2 h4 31. h3 Bh5 1/2-1/2

[Event "BCF-chT2c 1314 (4NCL)"]
[Site "England"]
[Date "2014.05.03"]
[Round "9.38"]
[White "Gray, Mark S"]
[Black "Stockwell, Mark B"]
[Result "1/2-1/2"]
[WhiteElo "2086"]
[BlackElo "1976"]
[PlyCount "70"]
[EventDate "2013.11.16"]
[EventType "team-tourn"]
[EventRounds "11"]
[EventCountry "ENG"]
[SourceTitle "EXT 2015"]
[Source "ChessBase"]
[SourceDate "2014.11.20"]
[SourceVersion "1"]
[SourceVersionDate "2014.11.20"]
[SourceQuality "1"]
[WhiteTeam "Anglian Avengers"]
[BlackTeam "The ADS"]
[WhiteTeamCountry "ENG"]
[BlackTeamCountry "ENG"]

1. e4 c5 2. Nf3 e6 3. b3 Nf6 4. e5 Nd5 5. Bb2 Nc6 6. c4 Nde7 7. g3 Nf5 8. Bg2 d5 9. exd6 Bxd6 10. 0-0 0-0 11. Nc3 Be7 12. Ne4 Qc7 13. Qe2 Rd8 14. Rad1 b6 15. g4 Nfd4 16. Nxd4 cxd4 17. d3 e5 18. Ng3 Be6 19. Bc1 Bf8 20. Ne4 Be7 21. f4 exf4 22. Bxf4 Qd7 23. h3 Rac8 24. Ng5 Bxg5 25. Bxg5 Re8 26. Qf2 a5 27. Be4 Ne5 28. Rde1 Rc5 29. Bf4 Ng6 30. Bc1 Nf8 31. Re2 h5 32. Ba3 Rg5 33. Bc1 Rc5 34. Ba3 Rg5 35. Bc1 Rc5 1/2-1/2

[Event "BCF-chT2b 1314 (4NCL)"]
[Site "England"]
[Date "2014.03.22"]
[Round "7.87"]
[White "Stockwell, Mark B"]
[Black "Keen, Cosima C"]
[Result "1-0"]
[WhiteElo "1985"]
[BlackElo "1721"]
[PlyCount "47"]
[EventDate "2013.11.16"]
[EventType "team-swiss"]
[EventRounds "11"]
[EventCountry "ENG"]
[SourceTitle "EXT 2015"]
[Source "ChessBase"]
[SourceDate "2014.11.20"]
[SourceVersion "1"]
[SourceVersionDate "2014.11.20"]
[SourceQuality "1"]
[WhiteTeam "The ADS"]
[BlackTeam "Barbican Youth"]
[WhiteTeamCountry "ENG"]
[BlackTeamCountry "ENG"]

1. d4 d5 2. c4 e6 3. Nc3 Nf6 4. cxd5 exd5 5. Bg5 Be7 6. e3 c6 7. Bd3 0-0 8. Qc2 h6 9. Bh4 Re8 10. Nge2 Ng4 11. Bg3 Nf6 12. f3 Bd6 13. Bf2 a5 14. 0-0 Qc7 15. h3 Nbd7 16. e4 dxe4 17. fxe4 Bf8 18. e5 Nxe5 19. dxe5 Qxe5 20. Ng3 Qg5 21. Nce4 Nxe4 22. Nxe4 Qh5 23. Rae1 Bb4 24. Nf6+ 1-0

[Event "BCF-chT1b 0910 (4NCL)"]
[Site "England"]
[Date "2010.02.21"]
[Round "6.3"]
[White "Stockwell, Mark B"]
[Black "Dunn, Andrew"]
[Result "0-1"]
[WhiteElo "2242"]
[BlackElo "2220"]
[PlyCount "100"]
[EventDate "2009.10.24"]
[EventType "team-tourn"]
[EventRounds "7"]
[EventCountry "ENG"]
[SourceTitle "EXT 2011"]
[Source "ChessBase"]
[SourceDate "2010.11.26"]
[SourceVersion "1"]
[SourceVersionDate "2010.11.26"]
[SourceQuality "1"]
[WhiteTeam "Pandoras Box"]
[BlackTeam "Poisoned Pawns"]
[WhiteTeamCountry "ENG"]
[BlackTeamCountry "ENG"]

1. Nf3 d5 2. c4 c6 3. e3 Nf6 4. Nc3 e6 5. Qc2 Nbd7 6. b3 Bd6 7. g4 Nxg4 8. Rg1 Nge5 9. Nxe5 Nxe5 10. Be2 Ng6 11. Bb2 Bxh2 12. Rg2 Be5 13. 0-0-0 Bf6 14. d4 Bd7 15. e4 Nf4 16. Rg3 g6 17. Bf3 dxc4 18. bxc4 Qa5 19. e5 Be7 20. Kb1 Qa6 21. d5 cxd5 22. cxd5 Rc8 23. d6 Bd8 24. Qd2 g5 25. Ne4 h6 26. Bh1 Qe2 27. Qxe2 Nxe2 28. Re3 Nf4 29. Bd4 Nd5 30. Ra3 Bb6 31. Bxb6 axb6 32. Rc1 0-0 33. Rg1 f6 34. exf6 Nxf6 35. Nxf6+ Rxf6 36. Bxb7 Rd8 37. Rc1 e5 38. Rc7 Bf5+ 39. Kb2 Rfxd6 40. Ra7 R6d7 41. Ba6 Rxc7 42. Rxc7 Rd2+ 43. Kb3 Be6+ 44. Bc4 Bxc4+ 45. Rxc4 Rxf2 46. Rc6 Kg7 47. Rxb6 g4 48. a4 g3 49. Rb7+ Rf7 50. Rb4 h5 0-1

[Event "BCF-chT1b 0910 (4NCL)"]
[Site "England"]
[Date "2010.02.20"]
[Round "5.5"]
[White "Moen, Andreas"]
[Black "Stockwell, Mark B"]
[Result "0-1"]
[WhiteElo "2309"]
[BlackElo "2242"]
[PlyCount "72"]
[EventDate "2009.10.24"]
[EventType "team-tourn"]
[EventRounds "7"]
[EventCountry "ENG"]
[SourceTitle "EXT 2011"]
[Source "ChessBase"]
[SourceDate "2010.11.26"]
[SourceVersion "1"]
[SourceVersionDate "2010.11.26"]
[SourceQuality "1"]
[WhiteTeam "Wood Green Hilsmark Kingfisher II"]
[BlackTeam "Pandoras Box"]
[WhiteTeamCountry "ENG"]
[BlackTeamCountry "ENG"]

1. e4 c5 2. Nf3 e6 3. d4 cxd4 4. Nxd4 a6 5. Bd3 Bc5 6. Nb3 Be7 7. 0-0 d6 8. c4 Nf6 9. Qe2 Nbd7 10. f4 Qc7 11. Nc3 0-0 12. Bd2 b6 13. Rae1 g6 14. Rf3 Bb7 15. Rh3 h5 16. Rg3 Rfe8 17. Kh1 Rad8 18. Nd4 Bf8 19. Nf3 Bg7 20. h3 Nc5 21. Bb1 d5 22. e5 Nfe4 23. Nxe4 Nxe4 24. Bxe4 dxe4 25. Ng5 Rd4 26. b3 Red8 27. Bb4 a5 28. Bc3 Rd3 29. Re3 Bf8 30. Qc2 Bc5 31. Rxe4 Bxe4 32. Nxe4 Qc6 33. Kh2 Be3 34. Nf6+ Kg7 35. Rf1 Bd2 36. Rd1 Bxf4+ 0-1

[Event "BCF-chT4 0506 (4NCL)"]
[Site "West Bromwich"]
[Date "2006.02.12"]
[Round "6.3"]
[White "Greely, Simon"]
[Black "Stockwell, Mark B"]
[Result "0-1"]
[WhiteElo "2010"]
[BlackElo "2210"]
[PlyCount "76"]
[EventDate "2005.11.05"]
[EventType "team"]
[EventRounds "11"]
[EventCountry "ENG"]
[SourceTitle "CBM 109 Extra"]
[Source "ChessBase"]
[SourceDate "2006.01.03"]
[SourceVersion "2"]
[SourceVersionDate "2006.01.03"]
[SourceQuality "1"]
[WhiteTeam "Grendel's Mother"]
[BlackTeam "Conquistadors"]
[WhiteTeamCountry "ENG"]
[BlackTeamCountry "ENG"]

1. d4 Nf6 2. c4 e6 3. Nf3 d5 4. Bg5 h6 5. Bh4 dxc4 6. Qa4+ Nbd7 7. e3 a6 8. Qxc4 c5 9. Nbd2 b5 10. Qc2 Bb7 11. Be2 Rc8 12. Qd1 cxd4 13. Nxd4 Bxg2 14. Rg1 Bb7 15. Nxe6 fxe6 16. Bh5+ Ke7 17. Bf3 Qc7 18. Bxb7 Qxb7 19. Rc1 Rxc1 20. Qxc1 g5 21. Bg3 Bg7 22. Qc2 Kf7 23. h4 Rc8 24. Qb1 Qc6 25. Kd1 Nc5 26. hxg5 hxg5 27. Be5 Nce4 28. Bxf6 Nxf6 29. f4 g4 30. e4 Rd8 31. Ke2 Qd6 32. Qc2 Qxf4 33. Rf1 Qe5 34. Qc6 Bh6 35. Nb3 Qxb2+ 36. Ke1 Qb1+ 37. Ke2 Qd3+ 38. Ke1 Qe3# 0-1

[Event "BCF-chT4 0506 (4NCL)"]
[Site "West Bromwich"]
[Date "2006.02.11"]
[Round "5.3"]
[White "Stockwell, Mark B"]
[Black "Rawlinson, Christopher JA"]
[Result "1/2-1/2"]
[WhiteElo "2210"]
[BlackElo "2055"]
[PlyCount "72"]
[EventDate "2005.11.05"]
[EventType "team"]
[EventRounds "11"]
[EventCountry "ENG"]
[SourceTitle "CBM 109 Extra"]
[Source "ChessBase"]
[SourceDate "2006.01.03"]
[SourceVersion "2"]
[SourceVersionDate "2006.01.03"]
[SourceQuality "1"]
[WhiteTeam "Conquistadors"]
[BlackTeam "Oxford II"]
[WhiteTeamCountry "ENG"]
[BlackTeamCountry "ENG"]

1. Nf3 e6 2. c4 b6 3. g3 Bb7 4. Bg2 f5 5. 0-0 Nf6 6. Nc3 Bb4 7. Qc2 0-0 8. a3 Bxc3 9. Qxc3 d6 10. b4 Nbd7 11. Bb2 Qe7 12. d3 e5 13. Rfe1 Rae8 14. Nxe5 Nxe5 15. Bxb7 c6 16. d4 Qxb7 17. dxe5 dxe5 18. Rad1 Ne4 19. Qd3 Rf7 20. f3 Ng5 21. Bxe5 Rfe7 22. Bd6 Re3 23. Qd2 Qf7 24. Be5 Nh3+ 25. Kg2 R8xe5 26. Kxh3 Qxc4 27. Qd8+ Re8 28. Qd7 f4 29. Rd4 Qc3 30. Rxf4 R3e7 31. Qd1 Qxa3 32. Qd4 h6 33. e4 Re5 34. Ra1 Rh5+ 35. Kg4 Rg5+ 36. Kh3 Rh5+ 1/2-1/2

[Event "BCF-chT4 0506 (4NCL)"]
[Site "West Bromwich"]
[Date "2005.11.05"]
[Round "1.3"]
[White "Stockwell, Mark B"]
[Black "Varnam, Liam"]
[Result "1-0"]
[WhiteElo "2210"]
[BlackElo "2110"]
[PlyCount "65"]
[EventDate "2005.11.05"]
[EventType "team"]
[EventRounds "11"]
[EventCountry "ENG"]
[SourceTitle "CBM 109 Extra"]
[Source "ChessBase"]
[SourceDate "2006.01.03"]
[SourceVersion "2"]
[SourceVersionDate "2006.01.03"]
[SourceQuality "1"]
[WhiteTeam "Conquistadors"]
[BlackTeam "Slough Sharks IV"]
[WhiteTeamCountry "ENG"]
[BlackTeamCountry "ENG"]

1. e4 e5 2. Nf3 Nc6 3. Bb5 a6 4. Bxc6 dxc6 5. 0-0 f6 6. d4 exd4 7. Nxd4 Bd6 8. Qh5+ g6 9. Qf3 Qe7 10. Be3 h5 11. Qe2 Bd7 12. Nd2 0-0-0 13. f3 f5 14. exf5 gxf5 15. Rfe1 Qh4 16. Nf1 Ne7 17. Bf2 Qg5 18. Ne6 Bxe6 19. Qxe6+ Kb8 20. Qe3 f4 21. Qa7+ Kc8 22. Qa8+ Kd7 23. Qxb7 Rdg8 24. g3 Nf5 25. Rad1 fxg3 26. hxg3 h4 27. g4 Qf4 28. Qb3 Rxg4+ 29. fxg4 Qxg4+ 30. Kh1 Rg8 31. Qe6+ Kd8 32. Rxd6+ Nxd6 33. Qxg4 1-0

[Event "IECG WC.2008.P.00002 email"]
[Site "IECG email"]
[Date "2004.03.05"]
[Round "?"]
[White "Durand, Jean Philippe"]
[Black "Stockwell, Mark B"]
[Result "1/2-1/2"]
[WhiteElo "1917"]
[BlackElo "2158"]
[PlyCount "77"]
[EventDate "2004.03.05"]
[EventType "tourn (corr)"]
[EventRounds "6"]
[SourceTitle "Corr 2008"]
[Source "ChessBase"]
[SourceDate "2008.06.24"]
[SourceVersion "1"]
[SourceVersionDate "2008.06.24"]
[SourceQuality "1"]

1. e4 d6 2. d4 Nf6 3. Nc3 g6 4. Be3 c6 5. Qd2 Nbd7 6. Nf3 Qc7 7. 0-0-0 b5 8. e5 b4 9. Nb5 cxb5 10. exf6 Nxf6 11. Bxb5+ Bd7 12. Qxb4 Rc8 13. Qa4 Bg7 14. h4 h5 15. d5 0-0 16. Bxd7 Nxd7 17. Rhe1 Nb6 18. Bxb6 Qxb6 19. Nd4 Rc7 20. c3 Rb8 21. Re2 Bh6+ 22. Kb1 Rxc3 23. Nc6 Rb7 24. Nxe7+ Kf8 25. Rde1 Qc5 26. f4 Rc4 27. Nxg6+ Kg7 28. Qe8 Qxd5 29. Ne7 Rxe7 30. Qxe7 Bxf4 31. a3 Rd4 32. Rf2 a5 33. Qc7 Rc4 34. Qd7 a4 35. Ref1 Rd4 36. Rf3 Rd1+ 37. Rxd1 Qxd1+ 38. Ka2 Qd5+ 39. Ka1 1/2-1/2

[Event "IECG CP.2001.P.00039"]
[Site "IECG email"]
[Date "2001.10.01"]
[Round "?"]
[White "Johansen, Svein Age"]
[Black "Stockwell, Mark B"]
[Result "1-0"]
[WhiteElo "1751"]
[BlackElo "2040"]
[PlyCount "45"]
[EventDate "2001.10.01"]
[EventType "tourn (corr)"]
[EventRounds "6"]
[SourceTitle "Corr 2008"]
[Source "ChessBase"]
[SourceDate "2008.06.24"]
[SourceVersion "1"]
[SourceVersionDate "2008.06.24"]
[SourceQuality "1"]

1. e4 e5 2. Nf3 Nc6 3. Bb5 a6 4. Ba4 Nf6 5. d4 exd4 6. 0-0 Be7 7. Re1 b5 8. e5 Nxe5 9. Rxe5 d6 10. Re1 bxa4 11. Nxd4 Bd7 12. Qf3 0-0 13. Nc6 Bxc6 14. Qxc6 d5 15. Bf4 Bd6 16. Bxd6 Qxd6 17. Qxd6 cxd6 18. Nd2 Rfc8 19. Rac1 Rab8 20. b3 Rc7 21. Nf3 Ne4 22. Kf1 g6 23. Re3 1-0

[Event "IECG C1.2001.0.00348"]
[Site "IECG email"]
[Date "2001.03.25"]
[Round "?"]
[White "Stockwell, Mark B"]
[Black "Dzwonkowski, Adam"]
[Result "1/2-1/2"]
[WhiteElo "2040"]
[BlackElo "2000"]
[PlyCount "128"]
[EventDate "2001.03.25"]
[EventType "tourn (corr)"]
[EventRounds "6"]
[SourceTitle "Corr 2008"]
[Source "ChessBase"]
[SourceDate "2008.06.24"]
[SourceVersion "1"]
[SourceVersionDate "2008.06.24"]
[SourceQuality "1"]

1. e4 c5 2. Nc3 Nc6 3. g3 Nf6 4. Bg2 g6 5. d3 Bg7 6. f4 0-0 7. Nf3 d5 8. e5 Ne8 9. 0-0 f6 10. exf6 Bxf6 11. Re1 Bg7 12. Ne2 Bf5 13. c3 Qd6 14. d4 Be4 15. Be3 c4 16. b4 Qf6 17. Qd2 Nd6 18. a4 Qf5 19. h3 Bxf3 20. Bxf3 Ne4 21. Bxe4 Qxe4 22. Rf1 Qf5 23. g4 Qd7 24. Ng3 e6 25. Rf2 Rf7 26. Raf1 Raf8 27. Qc2 Qd6 28. Kg2 a5 29. b5 Ne7 30. Bc1 Nc8 31. Re2 Re7 32. Qa2 Qd7 33. Ba3 Nd6 34. Bc5 Rd8 35. Rfe1 Bf8 36. Qd2 Rde8 37. Qe3 Rf7 38. Qe5 Qc7 39. h4 b6 40. Ba3 Qd7 41. h5 Rg7 42. hxg6 hxg6 43. Qf6 Qf7 44. g5 Qxf6 45. gxf6 Rd7 46. Rxe6 Rxe6 47. Rxe6 Kf7 48. Re5 Ne8 49. Be7 Bxe7 50. fxe7 Nf6 51. f5 g5 52. Re6 Rxe7 53. Rxb6 Re3 54. Ra6 Rxc3 55. Rxa5 Rb3 56. Ra7+ Ke8 57. Ra6 Kf7 58. Rc6 Rb2+ 59. Kh3 Rb3 60. Rc7+ Kf8 61. Kg2 Rb2+ 62. Kf1 Ng4 63. Ke1 Ne3 64. f6 Ng2+ 1/2-1/2

[Event "IECG C1.2001.0.00348"]
[Site "IECG email"]
[Date "2001.03.25"]
[Round "?"]
[White "Stockwell, Mark B"]
[Black "Petrov, Milen Stoyanov"]
[Result "1-0"]
[WhiteElo "2040"]
[BlackElo "2068"]
[PlyCount "121"]
[EventDate "2001.03.25"]
[EventType "tourn (corr)"]
[EventRounds "6"]
[SourceTitle "Corr 2008"]
[Source "ChessBase"]
[SourceDate "2008.06.24"]
[SourceVersion "1"]
[SourceVersionDate "2008.06.24"]
[SourceQuality "1"]

1. e4 e6 2. d3 c5 3. Nf3 Nc6 4. g3 g6 5. Bg2 Bg7 6. 0-0 Nge7 7. Re1 d6 8. c3 e5 9. a3 0-0 10. b4 h6 11. Nbd2 Be6 12. Nb3 a5 13. b5 a4 14. Nbd2 Nb8 15. Qe2 Qa5 16. c4 f5 17. d4 Qc3 18. exf5 Bxf5 19. Ra2 cxd4 20. Bb2 Qa5 21. Bxd4 Nd7 22. Nh4 Qc7 23. Nxf5 Nxf5 24. Bc3 Nc5 25. Ne4 Ne6 26. Bb4 Ned4 27. Qd3 Rac8 28. Rd2 Kh7 29. Nc3 Qxc4 30. Bxb7 Qxd3 31. Rxd3 Rb8 32. Be4 Nxb5 33. Nxb5 Rxb5 34. h4 Rfb8 35. Bxd6 Rb1 36. Rxb1 Rxb1+ 37. Kg2 Re1 38. Bxf5 gxf5 39. Rd5 Kg6 40. Ra5 Re4 41. Ra6 Kh5 42. Bb4 Re2 43. Rxa4 e4 44. Bc5 Ra2 45. Ra6 Rc2 46. Be3 Rc3 47. Ra7 Bf8 48. a4 Bd6 49. Ra6 Rd3 50. a5 Rd5 51. Rc6 f4 52. gxf4 Kg4 53. a6 Bxf4 54. a7 Rd8 55. Bxf4 Kxf4 56. Rxh6 Kg4 57. Ra6 Ra8 58. f3+ exf3+ 59. Kf2 Kxh4 60. Kxf3 Kg5 61. Ke4 1-0